| 000 | 00450nam a2200217Ia 4500 | ||
|---|---|---|---|
| 003 | IT-RoPAU | ||
| 008 | 120407s9999 xx 000 0 und d | ||
| 040 | _aIT-RoPAU | ||
| 040 | _cIT-RoPAU | ||
| 041 | _aita | ||
| 100 | _aGaetano Chiavacci | ||
| 245 | _aSaggio sulla natura dell’uomo | ||
| 250 | _aFirenze | ||
| 260 | _aSansoni | ||
| 260 | _c1936 | ||
| 300 | _a116 p. | ||
| 300 | _c24 cm | ||
| 490 | _v1 | ||
| 942 | _cBK | ||
| 999 |
_c24563 _d24563 |
||